| 000 | 00832nas a2200277 4500 | ||
|---|---|---|---|
| 001 | BR0603640 | ||
| 003 | BR-BrBNA | ||
| 005 | 20231205110241.0 | ||
| 007 | ta | ||
| 008 | 230509b bl.|||p| |||| 00| 00por d | ||
| 040 |
_aBR-BrBNA _bpor _cBiblioteca Nacional de Agricultura |
||
| 041 | _a(Pt) | ||
| 072 | _aF03 | ||
| 100 | 1 | _aOliveira, I.V. de M. | |
| 100 | 1 | _aAndrade, R.A. de | |
| 100 | 1 | _aMartins, A.B.G. | |
| 245 | 1 | _aInfluência da temperatura na germinação de sementes de Annona montana | |
| 650 | _aGRAVIOLA | ||
| 650 | _aSEMENTE | ||
| 650 | _aTEMPERATURA | ||
| 650 | _aGERMINAÇÃO | ||
| 650 | _aANÁLISE ESTATÍSTICA | ||
| 773 | 0 |
_tRevista Brasileira de Fruticultura (Brazil) _xISSN 0100-2945 _g(Aug 2005), v. 27(2) p. 344-345 _wBR0603640 |
|
| 909 |
_a202311 _bLúcia _c55 _dLúcia Elande |
||
| 942 |
_2AGRIS _n0 _cANA |
||
| 999 |
_c186685 _d186685 |
||